[Event "Benidorm 2010 - Nuevas Generaciones s16"]
[Site "Benidorm ESP"]
[Date "2010.12.06"]
[Round "4.3"]
[White "Suarez Garcia, Carlos"]
[Black "Balaguer Camps, Marc"]
[Result "1/2-1/2"]
[WhiteElo "2195"]
[BlackElo "2081"]
[PlyCount "66"]
[EventDate "2010.12.04"]
[EventType "swiss"]
[EventRounds "7"]
[EventCountry "ESP"]
[Source "lmi"]
[SourceDate "2010.12.04"]

1. e4 c5 2. Nf3 e6 3. d4 cxd4 4. Nxd4 Nc6 5. Nc3 Qc7 6. Be3 a6 7. Qd2 Nf6 8.
O-O-O Bb4 9. f3 Na5 10. Kb1 Bxc3 11. Qxc3 Qxc3 12. bxc3 d5 13. exd5 Nxd5 14.
Bd2 Nb6 15. Nb3 Nbc4 16. Nxa5 Nxa5 17. c4 Nc6 18. Bc3 f6 19. f4 Kf7 20. Be2 e5
21. fxe5 Re8 22. Bf3 Nxe5 23. Bd5+ Be6 24. Bxe5 Bxd5 25. cxd5 Rxe5 26. Rd2 Rc8
27. d6 Rd8 28. Rhd1 Rd7 29. c3 Rc5 30. Kb2 Rc6 31. Kb3 Ke6 32. Re1+ Kf7 33.
Red1 Ke6 1/2-1/2

[Event "Benidorm 2010 - Nuevas Generaciones s16"]
[Site "Benidorm ESP"]
[Date "2010.12.06"]
[Round "4.4"]
[White "Orantes Taboada, Manuel"]
[Black "Rivas Perez, Jorge"]
[Result "1/2-1/2"]
[WhiteElo "1807"]
[BlackElo "1717"]
[PlyCount "40"]
[EventDate "2010.12.04"]
[EventType "swiss"]
[EventRounds "7"]
[EventCountry "ESP"]
[Source "lmi"]
[SourceDate "2010.12.04"]

1. e4 e5 2. Nf3 Nc6 3. Bb5 Bc5 4. Bxc6 bxc6 5. O-O d6 6. c3 Bg4 7. h3 Bh5 8.
Na3 Bxa3 9. bxa3 Qf6 10. Re1 Bxf3 11. Qxf3 Qxf3 12. gxf3 O-O-O 13. Kf1 Ne7 14.
Ke2 Rd7 15. d3 Rhd8 16. Rd1 Ng6 17. Be3 c5 18. Rd2 Nf4+ 19. Bxf4 exf4 20. h4 h5
1/2-1/2

[Event "Benidorm 2010 - Nuevas Generaciones s16"]
[Site "Benidorm ESP"]
[Date "2010.12.06"]
[Round "4.5"]
[White "Vazquez Torres, Adrian"]
[Black "Suarez Uriel, Adrian"]
[Result "1-0"]
[WhiteElo "2166"]
[BlackElo "2215"]
[PlyCount "85"]
[EventDate "2010.12.04"]
[EventType "swiss"]
[EventRounds "7"]
[EventCountry "ESP"]
[Source "lmi"]
[SourceDate "2010.12.04"]

1. e4 c5 2. b3 Nf6 3. e5 Nd5 4. Nf3 Nc6 5. Bb2 d6 6. Bb5 Nc7 7. Bxc6+ bxc6 8.
exd6 exd6 9. O-O Ne6 10. d4 d5 11. Ne5 Qc7 12. c4 dxc4 13. d5 cxd5 14. Qxd5 Bb7
15. Qxc4 Bd6 16. Qa4+ Ke7 17. Qh4+ g5 18. Qg3 f6 19. Re1 fxe5 20. Bxe5 Bxe5 21.
Rxe5 Kd7 22. Nc3 Rae8 23. Nb5 Qb8 24. Qd3+ Kc6 25. Rae1 Nf4 26. Nd4+ cxd4 27.
Qb5+ Kd6 28. Qc5+ Kd7 29. Re7+ Rxe7 30. Qxe7+ Kc6 31. Rc1+ Kb6 32. Qf6+ Kb5 33.
a4+ Ka5 34. Rc5+ Kb4 35. Qxd4+ Ka3 36. Qa1+ Kb4 37. Qc3+ Ka3 38. b4+ Ka2 39.
Qc2+ Ka1 40. Qc1+ Ka2 41. Rc2+ Kb3 42. Rb2+ Kxa4 43. Qc2+ 1-0

[Event "Benidorm 2010 - Nuevas Generaciones s16"]
[Site "Benidorm ESP"]
[Date "2010.12.06"]
[Round "4.6"]
[White "Laiz, Ibanez Hector"]
[Black "Salido Polo, Veronica"]
[Result "0-1"]
[WhiteElo "1767"]
[BlackElo "2023"]
[PlyCount "122"]
[EventDate "2010.12.04"]
[EventType "swiss"]
[EventRounds "7"]
[EventCountry "ESP"]
[Source "lmi"]
[SourceDate "2010.12.04"]

1. e4 c5 2. c3 e6 3. d4 d5 4. e5 Nc6 5. f4 Qb6 6. Nf3 Bd7 7. Qb3 Qc7 8. Be3 Na5
9. Qd1 Nh6 10. dxc5 Nf5 11. Bd4 Bxc5 12. Bd3 Bxd4 13. cxd4 Ne3 14. Qd2 Rc8 15.
Na3 Nac4 16. Nxc4 Nxc4 17. Qe2 Qa5+ 18. Kf2 Qb6 19. b3 Na5 20. Rhc1 Nc6 21. Qb2
O-O 22. Be2 f6 23. Kg1 Be8 24. h3 Bg6 25. Rd1 Nb4 26. Rac1 Be4 27. a3 Nc2 28.
Kh1 Ne3 29. Rxc8 Rxc8 30. Rc1 Rxc1+ 31. Qxc1 Nc2 32. b4 h6 33. exf6 gxf6 34. f5
Bxf5 35. Qxh6 Nxd4 36. Nxd4 Qxd4 37. Qh5 Kg7 38. Qf3 Qa1+ 39. Kh2 Qe5+ 40. Kh1
Be4 41. Qf2 d4 42. Bf3 Bg6 43. Bxb7 d3 44. Bf3 Qa1+ 45. Kh2 Qxa3 46. Qd2 Qb3
47. Bd1 Qd5 48. Qf2 Qe5+ 49. g3 Qa1 50. Qd2 Be4 51. h4 Qe5 52. Qa2 Qd4 53. Qd2
Bd5 54. h5 Qe4 55. Kh3 e5 56. g4 Qh1+ 57. Kg3 e4 58. Kf4 Qh4 59. Kf5 Qg5+ 60.
Qxg5+ fxg5 61. Kxg5 e3 0-1

[Event "Benidorm 2010 - Nuevas Generaciones s16"]
[Site "Benidorm ESP"]
[Date "2010.12.06"]
[Round "4.7"]
[White "Garcia Martinez, Marcos"]
[Black "Buch Prades, Joan"]
[Result "1/2-1/2"]
[WhiteElo "1710"]
[BlackElo "1969"]
[PlyCount "45"]
[EventDate "2010.12.04"]
[EventType "swiss"]
[EventRounds "7"]
[EventCountry "ESP"]
[Source "lmi"]
[SourceDate "2010.12.04"]

1. d4 Nf6 2. g3 d5 3. Bg2 e6 4. c4 c6 5. Nf3 Be7 6. O-O O-O 7. Nc3 Nbd7 8. Nd2
e5 9. cxd5 cxd5 10. dxe5 Nxe5 11. Nb3 Be6 12. Nd4 Nc6 13. Be3 Ng4 14. Qd2 Nxe3
15. Qxe3 Nxd4 16. Qxd4 Bf6 17. Qd2 Qa5 18. Rfd1 Bxc3 19. Qxc3 Qb5 20. Rd2 Rac8
21. Qe5 Rc5 22. Rad1 Rfc8 23. Bf3 1/2-1/2

[Event "Benidorm 2010 - Nuevas Generaciones s16"]
[Site "Benidorm ESP"]
[Date "2010.12.06"]
[Round "4.8"]
[White "Munoz Galdos, Carlos"]
[Black "Diaz Rios, Ignacio Jose"]
[Result "0-1"]
[WhiteElo "1634"]
[BlackElo "1941"]
[PlyCount "38"]
[EventDate "2010.12.04"]
[EventType "swiss"]
[EventRounds "7"]
[EventCountry "ESP"]
[Source "lmi"]
[SourceDate "2010.12.04"]

1. e4 c5 2. Nc3 a6 3. d3 Nc6 4. g3 g6 5. Bg2 Bg7 6. Bd2 e6 7. f4 Nge7 8. Nf3 d5
9. Rb1 b5 10. a3 O-O 11. O-O Bb7 12. g4 dxe4 13. dxe4 Nd4 14. Nxd4 Qxd4+ 15.
Kh1 Rfd8 16. Bc1 Qxd1 17. Rxd1 Bxc3 18. Rxd8+ Rxd8 19. bxc3 Rd1+ 0-1

[Event "Benidorm 2010 - Nuevas Generaciones s16"]
[Site "Benidorm ESP"]
[Date "2010.12.06"]
[Round "4.9"]
[White "Toste Nieto, Alexandre"]
[Black "Romero Calduch, Sergio"]
[Result "1/2-1/2"]
[WhiteElo "1939"]
[BlackElo "1804"]
[PlyCount "43"]
[EventDate "2010.12.04"]
[EventType "swiss"]
[EventRounds "7"]
[EventCountry "ESP"]
[Source "lmi"]
[SourceDate "2010.12.04"]

1. d4 d5 2. c4 c6 3. Nc3 Nf6 4. Nf3 e6 5. Bg5 Nbd7 6. cxd5 exd5 7. Qc2 Be7 8.
e3 O-O 9. Bd3 Re8 10. O-O h6 11. Bf4 Nf8 12. h3 Ne6 13. Bh2 Ng5 14. Ne5 Bd6 15.
f4 Nge4 16. Bxe4 Nxe4 17. Nxe4 dxe4 18. Nc4 f5 19. Bg3 Be6 20. Rad1 Bd5 21. b3
Qe7 22. Nxd6 1/2-1/2

[Event "Benidorm 2010 - Nuevas Generaciones s16"]
[Site "Benidorm ESP"]
[Date "2010.12.07"]
[Round "5.1"]
[White "Anton Guijarro, David"]
[Black "Pardo Simon, David"]
[Result "1-0"]
[WhiteElo "2421"]
[BlackElo "2369"]
[PlyCount "117"]
[EventDate "2010.12.04"]
[EventType "swiss"]
[EventRounds "7"]
[EventCountry "ESP"]
[Source "lmi"]
[SourceDate "2010.12.04"]

1. Nf3 Nf6 2. c4 b6 3. g3 Bb7 4. Bg2 e6 5. O-O Be7 6. d4 O-O 7. Nc3 Ne4 8. Qc2
Nxc3 9. Qxc3 f5 10. Bf4 Bf6 11. Rac1 d6 12. Qe3 Qe7 13. c5 Bd5 14. cxd6 cxd6
15. Rfd1 h6 16. Nh4 Bxh4 17. Bxd5 exd5 18. gxh4 Qxe3 19. fxe3 Nd7 20. Rc6 Nf6
21. Rdc1 Rad8 22. Bxd6 Rf7 23. Bf4 Kh7 24. Rc7 Rxc7 25. Rxc7 Rd7 26. Rc6 Ne4
27. Be5 Kg8 28. b3 Kf7 29. Kf1 Re7 30. h5 Rd7 31. h4 b5 32. Ra6 Rb7 33. Ke1 b4
34. Ra5 Ke6 35. Kd1 Nc3+ 36. Kc2 Nb5 37. Kb2 Kf7 38. Ra6 Nc3 39. Rg6 Kg8 40.
Rc6 Nd1+ 41. Kc1 Nc3 42. a4 Nxe2+ 43. Kd2 Nc3 44. a5 Rd7 45. a6 Kf7 46. Kd3 Ne4
47. Ke2 Re7 48. Rc8 Nf6 49. Kf3 Nxh5 50. Rb8 g5 51. Rxb4 Nf6 52. hxg5 hxg5 53.
Bxf6 Kxf6 54. Rb7 Re6 55. Rxa7 Rb6 56. Ra8 Kg7 57. a7 Ra6 58. b4 Ra3 59. b5 1-0

[Event "Benidorm 2010 - Nuevas Generaciones s16"]
[Site "Benidorm ESP"]
[Date "2010.12.07"]
[Round "5.2"]
[White "Balaguer Camps, Marc"]
[Black "Donado-Mazarron Gomez, Miguel"]
[Result "1-0"]
[WhiteElo "2081"]
[BlackElo "1893"]
[PlyCount "81"]
[EventDate "2010.12.04"]
[EventType "swiss"]
[EventRounds "7"]
[EventCountry "ESP"]
[Source "lmi"]
[SourceDate "2010.12.04"]

1. c4 c5 2. Nf3 Nc6 3. Nc3 g6 4. e3 Bg7 5. d4 d6 6. Be2 Nf6 7. O-O O-O 8. h3 b6
9. Rb1 a6 10. a3 Bf5 11. Bd3 Bxd3 12. Qxd3 e5 13. b4 cxd4 14. exd4 exd4 15.
Nxd4 Ne5 16. Qc2 Nxc4 17. b5 axb5 18. Ncxb5 d5 19. Rd1 Qd7 20. Nf3 Rfc8 21. Qd3
Ra5 22. Nc3 Qc7 23. Ne2 Qc5 24. Rb4 Rca8 25. Qb3 Ne4 26. Nfd4 Bf8 27. Rb5 Rxb5
28. Qxb5 Nxa3 29. Qd7 Nc2 30. Be3 Nxe3 31. fxe3 Bh6 32. Nf4 Bxf4 33. exf4 Qc3
34. Qxd5 Qe3+ 35. Kh1 Nf2+ 36. Kh2 Ra3 37. Qd8+ Kg7 38. Nf5+ gxf5 39. Qg5+ Kf8
40. Rd8+ Qe8 41. Qh6+ 1-0

[Event "Benidorm 2010 - Nuevas Generaciones s16"]
[Site "Benidorm ESP"]
[Date "2010.12.07"]
[Round "5.3"]
[White "Escudero Manzano, Alejandro"]
[Black "Suarez Garcia, Carlos"]
[Result "1/2-1/2"]
[WhiteElo "2151"]
[BlackElo "2195"]
[PlyCount "130"]
[EventDate "2010.12.04"]
[EventType "swiss"]
[EventRounds "7"]
[EventCountry "ESP"]
[Source "lmi"]
[SourceDate "2010.12.04"]

1. e4 e6 2. d4 d5 3. Nc3 dxe4 4. Nxe4 Nd7 5. g3 Ngf6 6. Nxf6+ Qxf6 7. Bg2 Bd6
8. f4 c5 9. Be3 cxd4 10. Qxd4 e5 11. Qe4 O-O 12. O-O-O exf4 13. Bxf4 Bxf4+ 14.
Qxf4 Qxf4+ 15. gxf4 Nf6 16. Nf3 Bf5 17. Nh4 Be4 18. Bxe4 Nxe4 19. Rd7 Nc5 20.
Re7 Rfe8 21. Rhe1 Kf8 22. Rxe8+ Rxe8 23. Rxe8+ Kxe8 24. Kd2 Ke7 25. c4 Ke6 26.
Ke3 g6 27. h3 a6 28. Nf3 f6 29. Nd4+ Kd6 30. Nf3 Ne6 31. b4 Ng7 32. Ke4 Nf5 33.
a4 a5 34. bxa5 Kc5 35. Kd3 Kb4 36. Nd2 Kxa4 37. Ne4 Kxa5 38. Nxf6 h6 39. Kc3
Kb6 40. Nd7+ Kc7 41. Ne5 Ne7 42. Kd4 h5 43. Nd3 Kd6 44. Ke4 b6 45. Ne5 Kc5 46.
Nd7+ Kxc4 47. Nxb6+ Kc5 48. Nd7+ Kc6 49. Nf8 Kd6 50. h4 Ng8 51. Nxg6 Ke6 52.
f5+ Kf7 53. Kf4 Nf6 54. Kg5 Kg7 55. Kf4 Nd5+ 56. Ke5 Ne3 57. Ke6 Ng2 58. Ke7
Ne3 59. Ke6 Ng2 60. Ke5 Kf7 61. Nh8+ Kg7 62. Ng6 Kf7 63. Ke4 Kf6 64. Nf4 Nxh4
65. Nxh5+ Kg5 1/2-1/2

[Event "Benidorm 2010 - Nuevas Generaciones s16"]
[Site "Benidorm ESP"]
[Date "2010.12.07"]
[Round "5.4"]
[White "Pozanco Romasanta, Marc"]
[Black "Villasenor Rubio, Emilio Jose"]
[Result "1/2-1/2"]
[WhiteElo "1935"]
[BlackElo "2168"]
[PlyCount "78"]
[EventDate "2010.12.04"]
[EventType "swiss"]
[EventRounds "7"]
[EventCountry "ESP"]
[Source "lmi"]
[SourceDate "2010.12.04"]

1. d4 Nf6 2. e3 g6 3. Nf3 Bg7 4. c4 O-O 5. Nc3 d6 6. a3 a5 7. Be2 Nbd7 8. O-O
e5 9. Qc2 Qe7 10. b3 Re8 11. Bb2 c6 12. Nd2 Nf8 13. d5 e4 14. dxc6 bxc6 15.
Rad1 Bf5 16. a4 Ne6 17. Rfe1 Ng5 18. Nf1 Ng4 19. Qd2 Rad8 20. Nb1 Be5 21. Bxe5
Nxe5 22. Ng3 Bh3 23. Qc2 Bxg2 24. Kxg2 Qe6 25. Nd2 Nef3 26. Nxf3 exf3+ 27. Kh1
fxe2 28. Qxe2 h5 29. Rd4 c5 30. Rd5 Nh7 31. Nxh5 gxh5 32. Rxh5 Nf6 33. Rg1+ Kf8
34. Rh6 Qf5 35. Qb2 Ng4 36. Rxg4 Qxg4 37. Qf6 Qd1+ 38. Kg2 Qg4+ 39. Kh1 Qd1+
1/2-1/2

[Event "Benidorm 2010 - Nuevas Generaciones s16"]
[Site "Benidorm ESP"]
[Date "2010.12.07"]
[Round "5.5"]
[White "Rivas Perez, Jorge"]
[Black "Vazquez Torres, Adrian"]
[Result "1/2-1/2"]
[WhiteElo "1717"]
[BlackElo "2166"]
[PlyCount "47"]
[EventDate "2010.12.04"]
[EventType "swiss"]
[EventRounds "7"]
[EventCountry "ESP"]
[Source "lmi"]
[SourceDate "2010.12.04"]

1. e4 c5 2. Nc3 Nc6 3. g3 g6 4. Bg2 Bg7 5. f4 d6 6. h3 e6 7. Nf3 Nge7 8. O-O
O-O 9. d3 Nd4 10. Nxd4 Bxd4+ 11. Kh2 Qb6 12. Ne2 Bg7 13. g4 f5 14. Ng3 Bd7 15.
h4 Bc6 16. c3 Rae8 17. h5 e5 18. hxg6 hxg6 19. gxf5 gxf5 20. Be3 Qd8 21. Nh5
Rf7 22. Rg1 Kf8 23. Nxg7 Rxg7 24. fxe5 1/2-1/2

[Event "Benidorm 2010 - Nuevas Generaciones s16"]
[Site "Benidorm ESP"]
[Date "2010.12.07"]
[Round "5.6"]
[White "Salido Polo, Veronica"]
[Black "Perez Cabas, Jose"]
[Result "1-0"]
[WhiteElo "2023"]
[BlackElo "1885"]
[PlyCount "63"]
[EventDate "2010.12.04"]
[EventType "swiss"]
[EventRounds "7"]
[EventCountry "ESP"]
[Source "lmi"]
[SourceDate "2010.12.04"]

1. e4 c5 2. Nf3 e6 3. d4 cxd4 4. Nxd4 Nc6 5. Be3 Qc7 6. Bd3 a6 7. O-O Nf6 8.
Kh1 Ne5 9. f4 Neg4 10. Bg1 e5 11. Nf3 exf4 12. Nc3 d6 13. Qd2 Ne3 14. Bxe3 fxe3
15. Qxe3 Be7 16. Nd5 Nxd5 17. exd5 O-O 18. Rae1 Bf6 19. Ng5 Bxg5 20. Qxg5 Bd7
21. Re4 Qd8 22. Qh5 g6 23. Qh6 f5 24. Re3 Qf6 25. g4 f4 26. g5 Qg7 27. Qxg7+
Kxg7 28. Re7+ Rf7 29. Rxf7+ Kxf7 30. Rxf4+ Ke7 31. Rh4 Rh8 32. Bxg6 1-0

[Event "Benidorm 2010 - Nuevas Generaciones s16"]
[Site "Benidorm ESP"]
[Date "2010.12.07"]
[Round "5.7"]
[White "Diaz Rios, Ignacio Jose"]
[Black "Galvan Prieto, Albano"]
[Result "0-1"]
[WhiteElo "1941"]
[BlackElo "1835"]
[PlyCount "93"]
[EventDate "2010.12.04"]
[EventType "swiss"]
[EventRounds "7"]
[EventCountry "ESP"]
[Source "lmi"]
[SourceDate "2010.12.04"]

1. d4 e6 2. c4 d5 3. Nf3 Nf6 4. g3 Be7 5. Bg2 c6 6. O-O O-O 7. Nbd2 Na6 8. a3
Nc7 9. Ne5 Nd7 10. Nxd7 Bxd7 11. e4 Be8 12. Qc2 f5 13. exd5 exd5 14. f4 Bf7 15.
c5 Bf6 16. Nf3 Nb5 17. Be3 Re8 18. Ne5 g6 19. Qd2 Kg7 20. Rfb1 a6 21. Bf1 Nc7
22. b4 Be6 23. a4 Bd7 24. Be2 Qe7 25. Kf2 Rf8 26. Kf1 h6 27. Ke1 Ne6 28. b5
axb5 29. axb5 Rxa1 30. Rxa1 Bxe5 31. fxe5 g5 32. Ra3 f4 33. Bg1 cxb5 34. Qb2
Nc7 35. Qd2 Bc6 36. Rf3 Ne6 37. Rb3 Qf7 38. g4 Ra8 39. Qb2 Nc7 40. Ra3 Ra4 41.
Bd3 Bd7 42. Be2 Bc8 43. Bf3 Qg6 44. Be2 Qa6 45. Rxa4 Qxa4 46. Bd1 Qa5+ 47. Kf1
0-1

[Event "Benidorm 2010 - Nuevas Generaciones s16"]
[Site "Benidorm ESP"]
[Date "2010.12.07"]
[Round "5.8"]
[White "Toste Nieto, Alexandre"]
[Black "Orantes Taboada, Manuel"]
[Result "0-1"]
[WhiteElo "1939"]
[BlackElo "1807"]
[PlyCount "62"]
[EventDate "2010.12.04"]
[EventType "swiss"]
[EventRounds "7"]
[EventCountry "ESP"]
[Source "lmi"]
[SourceDate "2010.12.04"]

1. d4 Nf6 2. c4 g6 3. Nc3 Bg7 4. e4 d6 5. Nf3 O-O 6. Be2 e5 7. O-O Nc6 8. d5
Ne7 9. Ne1 Ne8 10. Nd3 f5 11. Bd2 Nf6 12. f3 f4 13. c5 g5 14. Rc1 Ng6 15. cxd6
cxd6 16. Nb5 Rf7 17. Qc2 Ne8 18. a4 Bf8 19. Qb3 h5 20. Nf2 Rg7 21. Rc2 Nh4 22.
h3 a6 23. Na3 Nf6 24. Nc4 g4 25. hxg4 hxg4 26. Nb6 gxf3 27. Nxa8 Rxg2+ 28. Kh1
fxe2 29. Rg1 Rxg1+ 30. Kxg1 Nh5 31. Nh3 Qd7 0-1

[Event "Benidorm 2010 - Nuevas Generaciones s16"]
[Site "Benidorm ESP"]
[Date "2010.12.07"]
[Round "5.9"]
[White "Suarez Uriel, Adrian"]
[Black "Pinsach Gelabert, Alexandre"]
[Result "1/2-1/2"]
[WhiteElo "2215"]
[BlackElo "1778"]
[PlyCount "88"]
[EventDate "2010.12.04"]
[EventType "swiss"]
[EventRounds "7"]
[EventCountry "ESP"]
[Source "lmi"]
[SourceDate "2010.12.04"]

1. e4 c6 2. Ne2 d5 3. e5 c5 4. d4 Nc6 5. dxc5 e6 6. Nd4 Bxc5 7. Nxc6 bxc6 8.
Bd3 Ne7 9. O-O Ng6 10. Qh5 Qh4 11. Qxh4 Nxh4 12. Nd2 f6 13. Nb3 Bb6 14. Bf4 Ng6
15. Bxg6+ hxg6 16. exf6 gxf6 17. Be3 e5 18. a4 Bf5 19. Rfc1 Kd7 20. Bxb6 axb6
21. c4 dxc4 22. Rxc4 Be6 23. Rc3 Bxb3 24. Rxb3 Rh4 25. Rxb6 Raxa4 26. Rxa4 Rxa4
27. Kf1 Kc7 28. Rb3 Rd4 29. Ke2 c5 30. Rg3 g5 31. Rf3 Rd6 32. h3 Rb6 33. Ke3
Kd7 34. Ke4 Ke6 35. Ra3 Rxb2 36. Ra6+ Kf7 37. f3 Rb4+ 38. Kd5 Rd4+ 39. Kxc5 Rd2
40. g3 Rd3 41. f4 exf4 42. gxf4 Rxh3 43. fxg5 fxg5 44. Kd5 Re3 1/2-1/2

[Event "Benidorm 2010 - Nuevas Generaciones s16"]
[Site "Benidorm ESP"]
[Date "2010.12.07"]
[Round "5.10"]
[White "Remolar Gallen, Jose"]
[Black "Garcia Martinez, Marcos"]
[Result "1-0"]
[WhiteElo "2040"]
[BlackElo "1710"]
[PlyCount "31"]
[EventDate "2010.12.04"]
[EventType "swiss"]
[EventRounds "7"]
[EventCountry "ESP"]
[Source "lmi"]
[SourceDate "2010.12.04"]

1. c3 e6 2. d4 d5 3. e3 Nf6 4. Bd3 c5 5. f4 Nc6 6. Nf3 Be7 7. Nbd2 Bd7 8. O-O
Rc8 9. Ne5 Qb6 10. Ndf3 Bd6 11. Qe1 g6 12. Kh1 Ng8 13. Qh4 Nxe5 14. fxe5 Bb5
15. exd6 Bxd3 16. Ne5 1-0

[Event "Benidorm 2010 - Nuevas Generaciones s16"]
[Site "Benidorm ESP"]
[Date "2010.12.07"]
[Round "6.1"]
[White "Balaguer Camps, Marc"]
[Black "Anton Guijarro, David"]
[Result "0-1"]
[WhiteElo "2081"]
[BlackElo "2421"]
[PlyCount "114"]
[EventDate "2010.12.04"]
[EventType "swiss"]
[EventRounds "7"]
[EventCountry "ESP"]
[Source "lmi"]
[SourceDate "2010.12.04"]

1. c4 Nf6 2. Nc3 e6 3. Nf3 d5 4. e3 Be7 5. Be2 O-O 6. O-O b6 7. d4 Bb7 8. b3
Nbd7 9. Bb2 Ne4 10. Nd2 f5 11. f3 Nxc3 12. Bxc3 Bd6 13. f4 g5 14. g3 g4 15. Rc1
Nf6 16. Bb2 dxc4 17. bxc4 c5 18. Bd3 Qc7 19. Rf2 Rf7 20. Bf1 Rd8 21. Qb3 Bf8
22. Bg2 Bxg2 23. Rxg2 Qc6 24. Qc2 Bg7 25. Re2 Rfd7 26. Rce1 Ne8 27. Nb3 Nd6 28.
Nd2 Qc8 29. Rc1 Re8 30. Ba1 Qc6 31. Qd3 Qa4 32. Qb3 Qxb3 33. Nxb3 Ne4 34. Kg2
Kf7 35. Nd2 Nxd2 36. Rxd2 Red8 37. Rcd1 h5 38. a4 Bf6 39. Bb2 cxd4 40. exd4 Rc7
41. Rc2 h4 42. Ba1 a6 43. Rb1 h3+ 44. Kf2 Bxd4+ 45. Bxd4 Rxd4 46. Rxb6 Rdxc4
47. Rxc4 Rxc4 48. Rxa6 Rc2+ 49. Kg1 Rc1+ 50. Kf2 Rh1 51. Ra7+ Kf6 52. a5 Rxh2+
53. Kf1 Ra2 54. Kg1 Rg2+ 55. Kh1 Rxg3 56. a6 Ra3 57. Kh2 Ra2+ 0-1

[Event "Benidorm 2010 - Nuevas Generaciones s16"]
[Site "Benidorm ESP"]
[Date "2010.12.07"]
[Round "6.2"]
[White "Pardo Simon, David"]
[Black "Orantes Taboada, Manuel"]
[Result "1-0"]
[WhiteElo "2369"]
[BlackElo "1807"]
[PlyCount "77"]
[EventDate "2010.12.04"]
[EventType "swiss"]
[EventRounds "7"]
[EventCountry "ESP"]
[Source "lmi"]
[SourceDate "2010.12.04"]

1. e4 c5 2. Nc3 Nc6 3. Bb5 Nd4 4. Bc4 g6 5. Nf3 Bg7 6. Nxd4 cxd4 7. Qf3 Nh6 8.
d3 O-O 9. Ne2 e6 10. Qh3 d5 11. Bxh6 Bxh6 12. Qxh6 dxc4 13. dxc4 d3 14. Nc3
dxc2 15. Qd2 b6 16. Qxc2 Qd4 17. b3 Bb7 18. Rd1 Qe5 19. O-O Rfd8 20. f3 a6 21.
Na4 Qc7 22. Qf2 b5 23. Qb6 Qxb6+ 24. Nxb6 Rab8 25. Nd7 Rbc8 26. c5 Kg7 27. b4
f6 28. Rd6 Kf7 29. Rfd1 Ke7 30. Nb6 Bc6 31. Nxc8+ Rxc8 32. Kf2 h5 33. h4 f5 34.
e5 Rc7 35. Ke3 a5 36. bxa5 Bd5 37. Rc1 Bc4 38. a6 Rxc5 39. a7 1-0

[Event "Benidorm 2010 - Nuevas Generaciones s16"]
[Site "Benidorm ESP"]
[Date "2010.12.07"]
[Round "6.3"]
[White "Suarez Garcia, Carlos"]
[Black "Salido Polo, Veronica"]
[Result "0-1"]
[WhiteElo "2195"]
[BlackElo "2023"]
[PlyCount "68"]
[EventDate "2010.12.04"]
[EventType "swiss"]
[EventRounds "7"]
[EventCountry "ESP"]
[Source "lmi"]
[SourceDate "2010.12.04"]

1. e4 c5 2. Nf3 Nc6 3. d4 cxd4 4. Nxd4 Nf6 5. Nc3 e5 6. Ndb5 d6 7. Bg5 a6 8.
Na3 b5 9. Nd5 Be7 10. Bxf6 Bxf6 11. c3 Bg5 12. Nc2 O-O 13. Be2 Ne7 14. O-O Nxd5
15. Qxd5 Be6 16. Qc6 d5 17. Rfd1 d4 18. Nb4 a5 19. Nd5 Rc8 20. Qxb5 Rb8 21. Qc4
Rxb2 22. cxd4 Bxd5 23. exd5 exd4 24. Rxd4 Rb4 25. Rad1 Rxc4 26. Bxc4 Bf6 27.
R4d3 Qd6 28. Bb3 Re8 29. g3 Qb4 30. d6 Re1+ 31. Kg2 Qe4+ 32. Kh3 g5 33. f4 h5
34. fxg5 Re2 0-1

[Event "Benidorm 2010 - Nuevas Generaciones s16"]
[Site "Benidorm ESP"]
[Date "2010.12.07"]
[Round "6.4"]
[White "Galvan Prieto, Albano"]
[Black "Villasenor Rubio, Emilio Jose"]
[Result "1/2-1/2"]
[WhiteElo "1835"]
[BlackElo "2168"]
[PlyCount "131"]
[EventDate "2010.12.04"]
[EventType "swiss"]
[EventRounds "7"]
[EventCountry "ESP"]
[Source "lmi"]
[SourceDate "2010.12.04"]

1. e4 g6 2. d4 Bg7 3. Nf3 d6 4. Be2 Nd7 5. c4 e5 6. d5 Ne7 7. Nc3 O-O 8. Be3 f5
9. Qc2 Nf6 10. Bd3 Kh8 11. h3 c6 12. Rd1 Qe8 13. O-O f4 14. Bc1 c5 15. Be2 Bh6
16. Nh2 Bg7 17. Rd3 g5 18. Qd1 Bd7 19. Ng4 Nfg8 20. Nh2 a6 21. Bg4 b5 22. b3
Rb8 23. a3 Nf6 24. Bxd7 Qxd7 25. Ng4 Neg8 26. Nh2 h5 27. f3 Nh6 28. Qe2 Rf7 29.
Nd1 Bf8 30. Nf2 bxc4 31. bxc4 Qa4 32. Rc3 Rfb7 33. Rd1 Be7 34. Rdd3 Rb1 35. Nd1
Bd8 36. Rc2 Ba5 37. Kf2 Nf7 38. Nb2 Qd7 39. Nd1 Kg7 40. Bd2 Bd8 41. Bc3 g4 42.
hxg4 hxg4 43. fxg4 Ng5 44. Kg1 Nfxe4 45. Nf3 Nxc3 46. Rdxc3 Ra1 47. Nxg5 Bxg5
48. Rh3 Rbb1 49. Rd2 f3 50. Qd3 Kf6 51. Qxf3+ Kg7 52. Qe4 Rxd1+ 53. Rxd1 Rxd1+
54. Kh2 Kf6 55. Rh7 Qc8 56. Qf3+ Bf4+ 57. g3 Rd2+ 58. Kh3 Qg8 59. Rh5 Qg6 60.
Rf5+ Ke7 61. gxf4 Qh6+ 62. Rh5 Qxf4 63. Qxf4 exf4 64. g5 Rd4 65. Rh7+ Kf8 66.
Rd7 1/2-1/2

[Event "Benidorm 2010 - Nuevas Generaciones s16"]
[Site "Benidorm ESP"]
[Date "2010.12.07"]
[Round "6.5"]
[White "Vazquez Torres, Adrian"]
[Black "Rodes Pastor, Eduardo"]
[Result "1-0"]
[WhiteElo "2166"]
[BlackElo "1771"]
[PlyCount "65"]
[EventDate "2010.12.04"]
[EventType "swiss"]
[EventRounds "7"]
[EventCountry "ESP"]
[Source "lmi"]
[SourceDate "2010.12.04"]

1. e4 c6 2. b3 d5 3. exd5 cxd5 4. Bb2 e6 5. Nf3 Nf6 6. Bd3 Nc6 7. a3 a6 8. Qe2
Be7 9. Ne5 Nxe5 10. Bxe5 Bd6 11. Nc3 Bxe5 12. Qxe5 b5 13. O-O Bd7 14. Rae1 Bc6
15. Ne2 O-O 16. Nd4 Qb6 17. c3 Rfe8 18. f4 Rac8 19. Rf3 Qc7 20. Nxc6 Qxc6 21.
Rg3 Qc5+ 22. Kh1 Kh8 23. Qg5 Qf8 24. Rh3 h6 25. Ree3 Nh7 26. Qe5 Qxa3 27. Re1
Kg8 28. b4 f6 29. Qh5 Nf8 30. Rg3 Kh8 31. Qf7 g5 32. Qxf6+ Kg8 33. fxg5 1-0

[Event "Benidorm 2010 - Nuevas Generaciones s16"]
[Site "Benidorm ESP"]
[Date "2010.12.07"]
[Round "6.6"]
[White "Donado-Mazarron Gomez, Miguel"]
[Black "Escudero Manzano, Alejandro"]
[Result "1-0"]
[WhiteElo "1893"]
[BlackElo "2151"]
[PlyCount "69"]
[EventDate "2010.12.04"]
[EventType "swiss"]
[EventRounds "7"]
[EventCountry "ESP"]
[Source "lmi"]
[SourceDate "2010.12.04"]

1. e4 c5 2. Nf3 e6 3. d4 cxd4 4. Nxd4 Nc6 5. Nc3 Qc7 6. f4 a6 7. Nb3 b5 8. Bd3
Bb7 9. Qe2 d6 10. Be3 h5 11. a4 b4 12. Nb1 a5 13. N1d2 Nf6 14. Nc4 Nd7 15.
O-O-O Be7 16. Kb1 Ncb8 17. Qf2 Nc6 18. Nb6 Nxb6 19. Bxb6 Qb8 20. Bb5 O-O 21. g4
hxg4 22. h3 g3 23. Qxg3 Bf6 24. Rhg1 Ne7 25. Bd4 e5 26. fxe5 dxe5 27. Bc5 Ng6
28. Bxf8 Qxf8 29. Bc4 Nf4 30. Rd7 Qc8 31. Rxf7 Qxc4 32. Rxb7 g6 33. Nd2 Qc6 34.
Qb3+ Kh8 35. Qf7 1-0